|
|
|
|
| LEADER |
01495nam a2200265 a 4500 |
| 001 |
GR-MES16541 |
| 008 |
140626s2014 gr gz 000 0 gre d |
| 040 |
|
|
|a GrPaTEI
|b gre
|c GR-PaULI
|
| 040 |
|
|
|a GrPaTEI
|b gre
|c GR-PaULI
|
| 100 |
1 |
|
|a Γράψας, Αργύρης Β.
|
| 245 |
1 |
0 |
|a Δίκτυα P2P :
|b τεχνικά χαρακτηριστικά-αρχιτεκτονική και τρόποι αξιοποίησης /
|c Σπουδαστές: Αργύρης Β. Γράψας,Κων/νος Τσώτας ; Επιβλέπων:Αριστομένης Θανόπουλος.
|
| 260 |
|
|
|a Μεσολόγγι :
|b ΤΕΙ Δυτικής Ελλάδας,
|c 2014
|
| 300 |
|
|
|a 90 σ. :
|b εικ.,σχημ.
|
| 650 |
|
4 |
|a Ηλεκτρονικοί Υπολογιστές
|x Αρχιτεκτονική
|
| 650 |
|
4 |
|a Ηλεκτρονικοί υπολογιστές
|x Δίκτυα
|
| 650 |
|
4 |
|a Πτυχιακή εργασία
|y 2014
|
| 700 |
1 |
|
|a Θανόπουλος, Αριστομένης
|
| 700 |
1 |
|
|a Τσώτας, Κων/νος
|
| 710 |
0 |
|
|a Σ.Δ.Ο..
|b Τμήμα Διοίκησης Επιχειρήσεων
|
| 710 |
0 |
|
|a ΤΕΙ Δυτικής Ελλάδας
|
| 856 |
4 |
0 |
|u https://nereus.library.upatras.gr/formermes//ptyxiakes/sdo/sdo_de/2011-2015/152pe.pdf
|
| 942 |
|
|
|2 ddc
|
| 952 |
|
|
|0 0
|1 0
|2 ddc
|4 0
|7 0
|9 274543
|a MSLG
|b MSLG
|c BSC
|d 2021-01-17
|e 24
|f 0
|g 0.00
|l 0
|p 24200152
|r 2021-01-17 00:00:00
|t 1
|v 2021.00
|w 2021-01-17
|y BK15
|x 20140626 0 K.G. 0
|x GrPaTEI
|
| 971 |
|
|
|a .b25825902
|b 15-04-20
|c 13-09-16
|
| 999 |
|
|
|c 158884
|d 158884
|